Detalles MARC
| 000 -CABECERA |
| campo de control de longitud fija |
02139nam a2200361 i 4500 |
| 001 - NÚMERO DE CONTROL |
| campo de control |
000021808 |
| 003 - IDENTIFICADOR DEL NÚMERO DE CONTROL |
| campo de control |
DO-SdBNP |
| 005 - FECHA Y HORA DE LA ÚLTIMA TRANSACCIÓN |
| campo de control |
20260601121226.0 |
| 007 - CAMPO FIJO DE DESCRIPCIÓN FÍSICA--INFORMACIÓN GENERAL |
| campo de control de longitud fija |
ta |
| 008 - DATOS DE LONGITUD FIJA--INFORMACIÓN GENERAL |
| campo de control de longitud fija |
100913s2000 dr 001 0 spa d |
| 020 ## - NÚMERO INTERNACIONAL ESTÁNDAR DEL LIBRO |
| Número Internacional Estándar del Libro |
9993442003 (v.1) |
| 020 ## - NÚMERO INTERNACIONAL ESTÁNDAR DEL LIBRO |
| Número Internacional Estándar del Libro |
9993442011 (v.2) |
| 040 ## - FUENTE DE LA CATALOGACIÓN |
| Centro catalogador/agencia de origen |
DO-SdBNP |
| Lengua de catalogación |
spa |
| Centro/agencia transcriptor |
BNPHU |
| Normas de descripción |
rda |
| 041 ## - CÓDIGO DE LENGUA |
| Código de lengua del texto/banda sonora o título independiente |
spa |
| 082 #4 - NÚMERO DE LA CLASIFICACIÓN DECIMAL DEWEY |
| Número de clasificación |
923.27293 |
| Número de documento/Ítem |
B742P |
| Número de edición |
22 |
| 100 ## - ENTRADA PRINCIPAL--NOMBRE DE PERSONA |
| Nombre de persona |
Piña-Contreras, Guillermo, |
| Fechas asociadas al nombre |
1952- |
| Término indicativo de función/relación |
autor |
| Código de función/relación |
aut. |
| 9 (RLIN) |
315 |
| 245 10 - MENCIÓN DE TÍTULO |
| Título |
Juan Bosch : |
| Resto del título |
imagen, trayectoria y escritura / |
| Mención de responsabilidad, etc. |
Guillermo Piña Contreras ; coordinación editorial, José Chez Checo |
| 264 #4 - PRODUCCIÓN, PUBLICACIÓN, DISTRIBUCIÓN, FABRICACIÓN Y COPYRIGHT |
| Producción, publicación, distribución, fabricación y copyright |
Santo Domingo : |
| Nombre del de productor, editor, distribuidor, fabricante |
Comisión Permanente de la Feria del Libro, |
| Fecha de producción, publicación, distribución, fabricación o copyright |
©2000. |
| 300 ## - DESCRIPCIÓN FÍSICA |
| Extensión |
2 volumenes : |
| Otras características físicas |
ilustraciones, fotos ; |
| Dimensiones |
31 cm. |
| 336 ## - TIPO DE CONTENIDO |
| Término de tipo de contenido |
texto |
| Código de tipo de contenido |
txt |
| Fuente |
rdacontent |
| 337 ## - TIPO DE MEDIO |
| Nombre/término del tipo de medio |
sin mediación |
| Código del tipo de medio |
n |
| Fuente |
rdamedia |
| 338 ## - TIPO DE SOPORTE |
| Nombre/término del tipo de soporte |
volumen |
| Código del tipo de soporte |
n |
| Fuente |
rdacarrier |
| 490 0# - MENCIÓN DE SERIE |
| Mención de serie |
Escritura y bibliografía |
| Designación de volumen o secuencia |
2 |
| 500 ## - NOTA GENERAL |
| Nota general |
Incluye datos biográficos del autor en la solapa de la contracubierta |
| 500 ## - NOTA GENERAL |
| Nota general |
Incluiye índices |
| 505 0# - NOTA DE CONTENIDO CON FORMATO |
| Nota de contenido con formato |
v.1 -- |
| Título |
Infancia y adolescencia en la formación de un escritor (1909-1930) -- |
| -- |
Santo Domingo: un escritor bajo la dictadura (1930-1938) -- |
| -- |
Exilio, creación literaria y actividad política (1938-1950) -- |
| -- |
De un exilio al otro: Cuba, Costa Rica, Bolivia, Chile y Venezuela (1950-1961) -- |
| -- |
Del exilio a la presidencia, de la presidencia al exilio (1961-1966) -- |
| -- |
Años de reflexión político-ideológica (1966-1973) -- |
| -- |
Partido de la Liberación Dominicana : nueva concepción política de Juan Bosch (1973-1996) -- |
| -- |
Juan Bosch: el camino de la historia. Homenajes y reconocimientos -- |
| -- |
Índices-- |
| Información miscelánea |
v.2-- |
| Título |
Introducción-- |
| -- |
Obras de Juan Bosch-- |
| -- |
Publicaciones en órganos políticos, discursos y charlas radiales-- |
| -- |
Otras publicaciones-- |
| -- |
Entrevistas-- |
| -- |
Filmografía y discografía-- |
| -- |
Juan Bosch: biografía pasiva-- |
| -- |
Índices. |
| 590 ## - NOTA LOCAL (RLIN) |
| Nota local |
Inventariado, 2026/BT |
| 600 10 - PUNTO DE ACCESO ADICIONAL DE MATERIA--NOMBRE DE PERSONA |
| Nombre de persona |
Bosch, Juan, |
| Fechas asociadas al nombre |
1909-2001 |
| 9 (RLIN) |
76555 |
| 651 #4 - PUNTO DE ACCESO ADICIONAL DE MATERIA--NOMBRE GEOGRÁFICO |
| Nombre geográfico |
República Dominicana |
| Subdivisión general |
Bibliografías |
| 9 (RLIN) |
29836 |
| 700 1# - PUNTO DE ACCESO ADICIONAL--NOMBRE DE PERSONA |
| Nombre de persona |
Chez Checo, José, |
| Término indicativo de función/relación |
coordinador |
| Código de función/relación |
coord. |
| 9 (RLIN) |
80381 |
| 910 ## - DATOS DE OPCIÓN DEL USUARIO (OCLC) |
| Datos de opción del usuario |
Validado. Control de calidad MFF |
| 942 ## - ELEMENTOS DE PUNTO DE ACCESO ADICIONAL (KOHA) |
| Fuente del sistema de clasificación o colocación |
Dewey Decimal Classification |
| Tipo de ítem Koha |
Libro |